| Tag |
First Indicator |
Second Indicator |
Subfields |
| LEADER |
00000cam a2200000 a 4500 |
| 001 |
in00000011734 |
| 005 |
20160130063825.0 |
| 008 |
860611s1986 miu 00000 eng |
| 010 |
|
|
|a 86170613
|
| 020 |
|
|
|c $6.50 (pbk.)
|
| 035 |
|
|
|a (OCoLC)13660833
|
| 035 |
|
|
|9 AAA4279AM
|
| 040 |
|
|
|a DLC
|c DLC
|d m/c
|d TXA
|d UtOrBLW
|
| 043 |
|
|
|a n-us---
|
| 049 |
|
|
|a TXAM
|c [A12635525]
|
| 050 |
0 |
0 |
|a LB2165
|b .T65 1986
|
| 082 |
0 |
|
|a 370/.7/32640973
|2 19
|
| 245 |
0 |
0 |
|a Tomorrow's teachers :
|b a report of the Holmes Group.
|
| 264 |
|
1 |
|a East Lansing, MI (501 Erickson Hall, East Lansing 48824-1034) :
|b Holmes Group,
|c [1986]
|
| 264 |
|
4 |
|c ©1986
|
| 300 |
|
|
|a xi, 97 pages ;
|c 23 cm.
|
| 336 |
|
|
|a text
|b txt
|2 rdacontent
|
| 337 |
|
|
|a unmediated
|b n
|2 rdamedia
|
| 338 |
|
|
|a volume
|b nc
|2 rdacarrier
|
| 650 |
|
0 |
|a Teachers
|x Training of
|z United States.
|
| 650 |
|
0 |
|a Universities and colleges
|x Curricula
|z United States
|x Planning.
|
| 610 |
2 |
0 |
|a Holmes Group (1983- )
|
| 710 |
2 |
|
|a Holmes Group (1983- )
|
| 999 |
|
|
|a MARS
|
| 999 |
f |
f |
|s c400a780-46d0-33d1-ad47-9ef6866a7dd2
|i d86a33c0-f892-3b7e-aa7a-37e72ae9e27c
|t 0
|
| 952 |
f |
f |
|p normal
|a Texas A&M University
|b College Station
|c Sterling C. Evans Library
|s Evans stk
|d Evans: Library Stacks
|t 0
|e LB2165 .T65 1986
|h Library of Congress classification
|i unmediated -- volume
|m A14813749929
|
| 998 |
f |
f |
|a LB2165 .T65 1986
|t 0
|l Evans: Library Stacks
|